000 00179nam a22000857a 4500
082 _a823
100 _aGAIL HERMAN
245 _aTHE STONE SOUP A CZECHOSLOVAKIAN FOLK TALE
942 _cBK
999 _c8404
_d8404